00429nam a2200145Ia 450000500170000000800460001703700120006304000210007504100130009608400190010924500580012824500400018626000480022630000090027420250508152525.0008 250505s9999 xx 000 0 eng d aTextual aFEDL bengcFEDL aeng2eng a379, INDqFEDL 0aEducation in the states 1956-57: A statistical survey 0cIndia. Education, (Ministry of ...) aDelhi, IndiabManager of Publicationsc1959 a165p